Catálogo
 En Linea

El impacto del diagnóstico de cáncer de seno en la mujer puertorriqueña / (Registro nro. 33772)

Detalles MARC
000 -CABECERA
campo de control de longitud fija 00727nam a2200193 a 4500
001 - NÚMERO DE CONTROL
campo de control 000034281
005 - FECHA Y HORA DE LA ÚLTIMA TRANSACCIÓN
campo de control 20200930073622.0
008 - DATOS DE LONGITUD FIJA--INFORMACIÓN GENERAL
campo de control de longitud fija 110929s2011 pr 000 0 spa d
020 ## - NÚMERO INTERNACIONAL ESTÁNDAR DEL LIBRO
Número Internacional Estándar del Libro 9780975973158
040 ## - FUENTE DE LA CATALOGACIÓN
Centro catalogador/agencia de origen DO-SdBNP
Lengua de catalogación spa
Centro/agencia transcriptor BNPHU
049 ## - FONDOS LOCALES (OCLC)
Fondos de biblioteca BNPD
100 1# - ENTRADA PRINCIPAL--NOMBRE DE PERSONA
Nombre de persona Fabián Maldonado, Ana M.
9 (RLIN) 59708
245 13 - MENCIÓN DE TÍTULO
Título El impacto del diagnóstico de cáncer de seno en la mujer puertorriqueña /
Mención de responsabilidad, etc. Ana M. Fabián Maldonado.
260 ## - PUBLICACIÓN, DISTRIBUCIÓN, ETC.
Lugar de publicación, distribución, etc. Puerto Rico :
Nombre del editor, distribuidor, etc. Instituto de Estado del Caribe,
Fecha de publicación, distribución, etc. 2011.
300 ## - DESCRIPCIÓN FÍSICA
Extensión 212 p. :
Otras características físicas il ;
Dimensiones 23 cm.
500 ## - NOTA GENERAL
Nota general Incluye referencias bibliográficas y notas al pie de las páginas
500 ## - NOTA GENERAL
Nota general Incluye datos biográficos del autor en la contracubierta
504 ## - NOTA DE BIBLIOGRAFÍA, ETC.
Nota de bibliografía, etc. Bibliográfía : p. 209 -212
Existencias
Estado de retiro Estado de pérdida Restricciones de uso No para préstamo Código de colección Localización permanente Ubicación/localización actual Ubicación en estantería Fecha de adquisición Número de inventario Total de préstamos Signatura topográfica completa Código de barras Fecha visto por última vez Precio válido a partir de Tipo de ítem Koha Número de copia
      Excluido de préstamo Monografías: Libros y Folletos General General En catalogación 29.09.2011 LF1   34281-10 25.06.2020 25.06.2020 No se presta  
        Monografías: Libros y Folletos General General En catalogación 29.09.2011 LF1   34281-20 25.06.2020 25.06.2020 Préstamo en sala e. 3
      Excluido de préstamo Monografías: Libros y Folletos General General En catalogación 29.09.2011 LF1   34281-30 25.06.2020 25.06.2020 No se presta e. 2

Con tecnología Koha